Segment in Social Market: Process, Methos and Application. (Record no. 3277)

MARC details
005 - DATE AND TIME OF LATEST TRANSACTION
control field 20250606081928.0
020 ## - INTERNATIONAL STANDARD BOOK NUMBER
International Standard Book Number 978-981-10-9457-6
082 ## - DEWEY DECIMAL CLASSIFICATION NUMBER
Classification number 658.8 SEG
245 ## - TITLE STATEMENT
Title Segment in Social Market: Process, Methos and Application.
260 ## - PUBLICATION, DISTRIBUTION, ETC.
Place of publication, distribution, etc. Singapore,
Name of publisher, distributor, etc. Springer,
Date of publication, distribution, etc. 2016.
300 ## - PHYSICAL DESCRIPTION
Extent v,197p.; ill.; picture, figure.
Other physical details References.
Dimensions 23cm.
700 ## - ADDED ENTRY--PERSONAL NAME
Other authors/Editors DIETRICH, T. & THIELE, S. & KUBACKI, K.
942 ## - ADDED ENTRY ELEMENTS (KOHA)
Source of classification or shelving scheme Dewey Decimal Classification
Koha item type Books
Holdings
Date last seen Total checkouts Full call number Barcode Cost, replacement price Price effective from Koha item type Lost status Source of classification or shelving scheme Damaged status Not for loan Withdrawn status Home library Current library Shelving location Date acquired Cost, normal purchase price
06/06/2025   658.6 SEG DOM000102 798336.00 06/06/2025 Books   Dewey Decimal Classification       CBE Dodoma CBE Dodoma Special Reserve Collection 06/06/2025 266112.00